000
00259nam a22001217a 4500
082
_a
621.3 ASH'E
100
_a
ASHLEY, R
_9
57203
245
_a
ELECTRICAL ESTIMATING
250
_a
3RD
260
_a
NEWYORK
_b
MCGRAW HILL
_c
1961
300
_a
437P
942
_c
BK
999
_c
567493
_d
567493